The Team Member Handbook for Team Work (Record no. 2122)

MARC details
000 -LEADER
fixed length control field 00345nam a22001337a 4500
008 - FIXED-LENGTH DATA ELEMENTS--GENERAL INFORMATION
fixed length control field 250306b |||||||| |||| 00| 0 eng d
020 ## - INTERNATIONAL STANDARD BOOK NUMBER
ISBN 0944002110
100 ## - MAIN ENTRY--AUTHOR
Author Pritchett Price
245 ## - TITLE STATEMENT
Title The Team Member Handbook for Team Work
260 ## - PUBLICATION, DISTRIBUTION, ETC. (IMPRINT)
Place of publication United State
Name of publisher Pritchett Publisher
Date of publication 1992
300 ## - COLLATION
Pagination 63p.
942 ## - ADDED ENTRY ELEMENTS (KOHA)
Item type Books
050 ## - LIBRARY OF CONGRESS CALL NUMBER
Classification number HD 66
Item number .P75
Holdings
Source of classification or shelving scheme Not for loan Permanent location Current location Date acquired Accession No. Barcode. Koha item type
Library of Congress Classification   Samuel Ogbemudia Main Library, University of Abuja Samuel Ogbemudia Main Library, University of Abuja 03/06/2025 2006/32586 2025-0308 Books